000 01232nam a2200325 a 4500
001 000113275
003 CHAP
005 20220329144347.0
008 170530s2016 mx sm |||||||spa d
010 _a109736
011 _a110708
040 _cCHAP
090 _aTesis
100 1 _aReyes Márquez, Leticia
_9132413
245 1 0 _aIdentificación de Mycena citricolor en hospedantes alternos en La Sierra Norte de Puebla, México
_h[En línea]
_cpor Leticia Reyes Márquez.
260 _aChapingo, Méx. :
_bEl autor,
_c2016.
500 _aPara ver el contenido del material haga clic en la liga
502 _aTesis (Ing. Agr. Esp. en Fitotecnia) -- UACH. Departamento de Fitotecnia
590 _aE11695DGD
_b10
_c20170531
_lUCH01
_h0926
590 _aE5765TAJ
_b05
_c20170530
_lUCH01
_h0917
590 _aE5765TAJ
_b05
_c20170530
_lUCH01
_h0917
650 1 4 _aEnfermedad de la hoja del cafeto.
_936927
650 1 4 _aMycena citricolor
_xFisiología y morfología.
_9132415
650 1 4 _aMycena citricolor
_xIdentificación.
_9132414
650 1 4 _aMycena citricolor
_xPlantas hospederas.
_9132416
856 _aFinding aid
_uhttp://10.13.5.2/tesis/sist113275.pdf
_zTeclea aquí
901 _aBK
942 _cTESIS
942 _n0
999 _c109736
_d109736